| 000 | 00388cam a2200157ua 4500 | ||
|---|---|---|---|
| 999 |
_c15577 _d15577 |
||
| 003 | OSt | ||
| 008 | 190517b ||||| |||| 00| 0 eng d | ||
| 020 | _a9789383305971 | ||
| 082 |
_a631.45 _bHUD/SO |
||
| 100 |
_aHudson , Norman . _94056 |
||
| 245 | _aSoil conservation / | ||
| 250 | _a3 / | ||
| 260 |
_aNew Delhi _bNew India Publishing Agency _c2015 |
||
| 300 | _a391 p. | ||
| 942 | _cBK | ||